Countries With The Least Total Border Length - Statistics

General Stats
  • This quiz has been taken 21 times
  • The average score is 12 of 15
Answer Stats
Distance Country % Correct
47 Liechtenstein
100%
2 Vatican City
100%
75 Andorra
95%
223 Luxembourg
95%
2.7 Monaco
95%
24 San Marino
89%
220 Dominican Republic
79%
220 Haiti
79%
37 Qatar
79%
237 Brunei
74%
142 East Timor
68%
42 Denmark
63%
287 Kuwait
53%
282 Lebanon
53%
148 South Korea
42%
No matching quizzes found
Score Distribution
Percent of People with Each Score
Percentile by Number Answered
Your Score History
You have not taken this quiz